La Virgen madre según el Evangelio / (Record no. 143422)

MARC details
000 -LEADER
campo de control de longitud fija 00672nam a2200229 4500
001 - NÚMERO DE CONTROL
campo de control 143422
003 - IDENTIFICADOR DE NÚMERO DE CONTROL
campo de control ES-MaACL
005 - FECHA Y HORA DE LA ÚLTIMA TRANSACCIÓN
campo de control 20250820051418.0
007 - CAMPO FIJO DE DESCRIPCIÓN FÍSICA--INFORMACIÓN GENERAL
campo de control de longitud fija t|
008 - DATOS DE LONGITUD FIJA--INFORMACIÓN GENERAL
campo de control de longitud fija 070214s1967 sp r ||||1| spa d
100 1# - ENTRADA PRINCIPAL--NOMBRE DE PERSONA
Nombre de persona Senegas, Louis.
9 (RLIN) 105452
245 13 - MENCIÓN DEL TÍTULO
Título La Virgen madre según el Evangelio /
Mención de responsabilidad, etc. Louis Senegas ; traducción de Rosa Armet.
250 ## - MENCION DE EDICION
Mención de edición 1ª. ed.
260 ## - PUBLICACIÓN, DISTRIBUCIÓN, ETC.
Lugar de publicación, distribución, etc. Barcelona :
Nombre del editor, distribuidor, etc. Estela,
Fecha de publicación, distribución, etc. 1967.
300 ## - DESCRIPCIÓN FÍSICA
Extensión 221 p. ;
Dimensiones 20 cm.
490 1# - MENCIÓN DE SERIE
Mención de serie Espritualidad ;
Designación de volumen o secuencia 26
600 04 - PUNTO DE ACCESO ADICIONAL DE MATERIA--NOMBRE DE PERSONA
Nombre de persona Virgen María
9 (RLIN) 115436
700 1# - ENTRADA AGREGADA--NOMBRE PERSONAL
Nombre de persona Armet, Rosa.
9 (RLIN) 22974
830 1# - PUNTO DE ACCESO ADICIONAL DE SERIE-TÍTULO UNIFORME
Título uniforme Espritualidad ;
Designación de volumen o secuencia 26
9 (RLIN) 220561
852 ## - LOCALIZACIÓN
Ubicación ES-MaACL
Número de control de estantería C-33103
Holdings
Estatus retirado Estado de pérdida Estado de daño No para préstamo Biblioteca de origen Biblioteca actual Ubicación en estantería Fecha de adquisición Fuente de adquisición Total de préstamos Signatura topográfica completa Código de barras Visto por última vez Precio de reemplazo Tipo de ítem Koha
        Biblioteca del Ateneo de Madrid Biblioteca del Ateneo de Madrid Depósito 2 17/01/2008     C-33103 1149219 23/02/2023 23/02/2023 Libro impreso